Louis van Gaal's FC Barcelona - Statistics

General Stats
  • This quiz has been taken 23 times
  • The average score is 25 of 65
Answer Stats
Rank Player Position Nationality Matches Goals Assists % Correct
16 Carles Puyol Centre-Back 65 0 0
85%
2 Luís Figo Right Winger 147 29 62
85%
28 Jari Litmanen Attacking Midfield 32 4 4
77%
12 Pep Guardiola Defensive Midfield 81 2 16
77%
1 Rivaldo Attacking Midfield 149 80 30
77%
50 Hristo Stoichkov Left Winger 6 1 0
69%
8 Patrick Kluivert Centre-Forward 110 54 30
69%
10 Xavi Central Midfield 92 5 7
69%
11 Frank de Boer Centre-Back 91 8 2
62%
6 Luis Enrique Right Midfield 126 56 19
62%
4 Michael Reiziger Right-Back 133 0 3
62%
19 Ronald de Boer Right Winger 55 3 7
62%
49 Andrés Iniesta Central Midfield 6 0 1
54%
13 Boudewijn Zenden Left Winger 77 3 6
54%
21 Dani García Centre-Forward 52 18 6
54%
62 Luis García Right Winger 1 0 0
54%
46 Marc Overmars Left Winger 12 2 1
54%
26 Óscar García Attacking Midfield 34 8 4
54%
5 Phillip Cocu Defensive Midfield 126 22 18
54%
25 Roger García Left Midfield 36 0 1
54%
61 Sergio García Centre-Forward 1 0 0
54%
59 Carles Busquets Goalkeeper 2 0 0
46%
9 Abelardo Centre-Back 98 5 4
38%
44 Gerard López Central Midfield 14 1 2
38%
30 Javier Saviola Second Striker 29 6 4
38%
3 Ruud Hesp Goalkeeper 144 0 0
38%
29 Simão Left Winger 32 1 3
38%
15 Sonny Anderson Centre-Forward 68 21 10
38%
47 Víctor Valdés Goalkeeper 11 0 0
38%
14 Albert Celades Defensive Midfield 70 2 0
31%
23 Albert Ferrer Right-Back 38 0 3
31%
64 David Sánchez Central Midfield 1 0 0
31%
22 Dragan Ciric Attacking Midfield 40 1 3
31%
32 Fernando Couto Centre-Back 25 0 0
31%
35 Francesc Arnau Goalkeeper 23 0 0
31%
20 Gabri Defensive Midfield 53 6 0
31%
17 Giovanni Attacking Midfield 64 23 6
31%
27 Guillermo Amor Central Midfield 34 0 0
31%
41 Juan Román Riquelme Attacking Midfield 19 4 4
31%
24 Miguel Ángel Nadal Centre-Back 38 1 1
31%
58 Oleguer Centre-Back 2 0 0
31%
55 Robert Enke Goalkeeper 3 0 0
31%
40 Samuel Okunowo Right-Back 21 0 0
31%
7 Sergi Barjuan Left-Back 123 5 9
31%
54 Vítor Baía Goalkeeper 3 0 0
31%
45 Christophe Dugarry Centre-Forward 13 0 0
23%
53 Emmanuel Amunike Left Winger 4 0 1
23%
31 Gaizka Mendieta Right Midfield 25 3 2
23%
60 Ibán Cuadrado Centre-Back 1 0 0
23%
38 Iván de la Peña Attacking Midfield 22 2 6
23%
37 Juan Antonio Pizzi Centre-Forward 23 2 0
23%
33 Mauricio Pellegrino Centre-Back 25 0 0
23%
56 Nano Left-Back 3 0 0
23%
39 Thiago Motta Defensive Midfield 21 3 7
23%
18 Winston Bogarde Centre-Back 61 4 1
23%
34 Fernando Navarro Left-Back 23 1 1
15%
36 Frédéric Déhu Centre-Back 23 1 0
15%
48 Geovanni Attacking Midfield 11 2 1
15%
63 Jofre Mateu Left Winger 1 1 0
15%
52 Mario Rosas Attacking Midfield 5 0 0
15%
43 Roberto Bonano Goalkeeper 16 0 0
15%
65 Sergio Santamaría Right Winger 1 0 0
15%
57 Dani Tortolero Centre-Back 2 0 0
8%
42 Fábio Rochemback Central Midfield 17 1 0
8%
51 Philippe Christanval Centre-Back 5 0 0
8%
No matching quizzes found
Score Distribution
Percent of People with Each Score
Percentile by Number Answered
Your Score History
You have not taken this quiz